Tournois de fiction - Statistiques

Statistiques générales
  • Ce quiz a été pris 25 fois
  • Le résultat moyen est 11 sur 40
Statistiques - réponses
Nom du tournoi Univers % Correct
Hunger Games Hunger Games
92%
Galactik Football Cup Galactik Football
88%
Piston Cup Cars
76%
Coupe Carapace Mario Kart
76%
Examen des Chunin Naruto
76%
Tournoi des Trois Sorciers Harry Potter
72%
Championnat sportif de Yuei My Hero Academia
60%
Tenkaichi Budokai Dragon Ball
56%
Grands Jeux Intermagiques Fairy Tail
52%
Football Frontier Inazuma Eleven
52%
Grand Prix F-Zero X F-Zero
48%
Tournoi de Boufbowl Wakfu
44%
Corrida Colosseum One Piece
36%
Tournoi de Gwynt du Passiflore The Witcher
32%
Grand Festival Pokémon
28%
Royaume des Duellistes Yu-Gi-Oh
28%
Tour Céleste Hunter X Hunter
24%
Capture l'Etendard Percy Jackson
24%
Sélection des Chevaliers Royaux Black Clover
20%
Neo Egoist League Blue Lock
20%
Amicale Inter écoles Tokyo-Kyoto Jujutsu Kaisen
16%
Winter Cup Kuroko's Basket
16%
Tournoi des Sports de Kunigigaoka Assassination Classroom
12%
Dream Team Captain Tsubasa
12%
Tournoi de Printemps Haikyuu
12%
Grand Rallye du Tour du Ciel Planes
12%
Ragnarok Valkyrie Apocalypse
12%
Jeux de la peur Monstres Academy
8%
Jecht Memorial Cup Final Fantasy
4%
Queen's Blood Final Fantasy
4%
Tournoi d'Automne Totsuki Food Wars
4%
Sandlot League Alita: Battle Angel
0%
Grand Tournoi de Raitai Baki
0%
Tournoi du Labyrinthe Donjons & Dragons: L'honneur des voleurs
0%
Grand Tournoi des Dresseurs Dragon Quest
0%
Tournoi des Dresseurs Dragon Quest
0%
Tournoi de l'Héritier House of the Dragon
0%
Tournoi de All Valley Karaté Kid
0%
Super Fight One Punch Man
0%
Tournoi des Dix Sangs The Elder Scrolls
0%
Aucun quiz correspondant
Distribution des résultats
% des personnes avec chaque résultat
Percentile par nombre de réponses
Votre historique - résultats
Vous n’avez pas pris ce quiz